000 00426nam a2200169Ia 4500
003 GCL
008 140319s9999 xx 000 0 eng d
040 _aGCL /
_cGCL
082 0 4 _a534
_bR T
100 1 _aROSSING, THOMAS
245 1 0 _aThe Sclence Of Sound. Ed.2. /
_cROSSING, THOMAS
260 _a[S.N] :
_bNONE ،
_c1989
300 _a686.P
650 0 4 _aSOUNDS
650 0 4 _aMUSIC - ACOUSTIAMD PHYSICS
942 _2ddc
_cBK
999 _c20235
_d20235